000 00291nam a2200145Ia 4500
100 _aMorrison donald F.
942 _cBK
654 _acv
245 _aCVs in a week
260 _bHodder & Stoughton
_c1996
082 _a658.3128
_bMOR
300 _a88
546 _aENGLISH
999 _c18851
_d18851